|
|
|
|
| LEADER |
00801nam a22002171a 4500 |
| 001 |
000715201 |
| 003 |
CZ BrMZK |
| 005 |
20110322182529.0 |
| 007 |
ta |
| 008 |
040511s1895 xr e cze d |
| 015 |
|
|
|a cnb001053946
|
| 040 |
|
|
|a ABA001
|b cze
|c BOA001
|
| 100 |
1 |
|
|a Michal, Jan,
|d 1862-1925
|7 jk01081417
|4 com
|
| 245 |
1 |
0 |
|a Kříž Kristův, čili, Rudý prapor socialismu :
|b 30 májových kázání o sociální otázce /
|c sest. Jan Dvorecký
|
| 246 |
3 |
3 |
|a Rudý prapor socialismu
|
| 260 |
|
|
|a Brno :
|b Papežská knihtiskárna benediktinů rajhradských,
|c 1895
|
| 300 |
|
|
|a 142 s. ;
|c 8°
|
| 856 |
4 |
1 |
|u http://www.digitalniknihovna.cz/mzk/uuid/uuid:db776870-d326-11e2-8f90-005056827e51
|y Digitalizovaný dokument
|x NDK
|
| 910 |
|
|
|a BOA001
|b 2-0014.189
|k k
|
| 964 |
|
|
|a Moravika - stol. 19.
|
| 990 |
|
|
|a BK
|